Statistiken für UEFA Champions League Sieger? #2

Klicken Sie hier um das Quiz zu spielen!

Allgemein

  • Dieses Quiz wurde 121 mal gespielt
    (119 seit der letzten Aktualisierung)
  • Das Durchschnittsergebnis liegt bei 9 aus 10

Antwortstatistiken

HintAntwort% Korrekt
Real MadridJa
98%
Bayer 04 LeverkusenNein
98%
FC PortoJa
97%
FC LiverpoolJa
97%
Panathinaikos AthenNein
92%
Lazio RomNein
91%
Borussia MönchengladbachNein
87%
Nottingham ForestJa
86%
SSC NeapelNein
85%
Tottenham HotspurNein
82%

Verteilung der Resultate

Perzentil nach korrekt beantworteten Fragen

Anzahl Personen mit jedem Resultat

Ihre Resultats-Entwicklung

Sie haben dieses Quiz seit der letzten Aktualisierung nicht gespielt